|
|
|
|
| LEADER |
00000nab a2200000 a 4500 |
| 001 |
vtls010127961 |
| 003 |
SK-MaSNL |
| 005 |
20260304172923.0 |
| 008 |
250526c2010 xo ||||||||||||00 b|slo |
| 015 |
|
|
|a SNBRB2010/08
|2 snkbucl
|
| 035 |
|
|
|a urn:nbn:sk:snk-ab85bf
|
| 035 |
|
|
|a (urnnbn)urn:nbn:sk:snk:ar-006bby
|
| 035 |
|
|
|a (uuid)9e68a489-8453-458d-b62d-2752add35fba
|
| 038 |
|
|
|a SNKBUCL
|
| 040 |
|
|
|a SNKBUCL
|b slo
|c SNKBUCL
|e AACR2
|
| 041 |
0 |
|
|a slo
|
| 044 |
|
|
|a xo
|c SK
|
| 080 |
|
|
|a 630*41
|2 1997
|
| 080 |
|
|
|a 595.768.2
|2 1997
|
| 080 |
|
|
|a 630*45
|2 1997
|
| 100 |
1 |
|
|a Galko, Juraj, 1982-
|4 aut
|9 10707
|
| 245 |
1 |
0 |
|a Nepodceňujme podkôrnika dubového!
|c Juraj Galko, Dušan Mikuš
|
| 300 |
|
|
|b Fotogr., obr., tab.
|
| 650 |
0 |
7 |
|a podkôrnik dubový
|2 snkbucl
|9 960760
|
| 650 |
0 |
7 |
|a poškodenie lesa
|2 snkbucl
|9 59129
|
| 650 |
0 |
7 |
|a ochrana lesa
|2 snkbucl
|9 2455
|
| 700 |
1 |
|
|a Mikuš, Dušan
|4 aut
|9 263395
|
| 773 |
0 |
|
|t Les & Letokruhy
|g Roč. 66/9, č. 5-6 (2010), s. 24-26
|x 1337-9712
|
| 850 |
|
|
|a Slovenská národná knižnica
|
| 852 |
|
|
|a Slovenská národná knižnica
|
| 954 |
|
|
|a odborná, vedecká literatúra pôvodná (slovenská)
|2 lita
|
| 958 |
|
|
|a ONDV
|
| 958 |
|
|
|a article9
|
| 999 |
|
|
|c 3000754
|d 3002684
|